| 000 | 01084cab a2200301 4500 | ||
|---|---|---|---|
| 001 | X79930 | ||
| 008 | 090401t1997 xxu||||| |||| 00| 0 eng d | ||
| 035 | _a(Sirsi) u79930 | ||
| 041 | _aeng | ||
| 100 | _aPreston,, D. | ||
| 245 | _aService of notices to quit and notices seeking possession | ||
| 260 | _c1997 | ||
| 350 | _a0 | ||
| 490 |
_aSolicitors` Journal _v141(28) 18 July 1997, 702-703(2) |
||
| 520 | _aIllustrates through two recent court decisions how proving that a tenant has been properly served with a notice to quit or notice seeking possession has become a minefield. Reviews provisions in law, highlighting how the landlord can fail to meet the requirements. | ||
| 650 | _aASSURED TENANCIES | ||
| 650 | _aCOMMON LAW | ||
| 650 | _aENFIELD LBC V DEVONISH & SUTTON | ||
| 650 | _aLAW OF PROPERTY ACT S196 | ||
| 650 | _aLOCAL GOVERNMENT ACT 1972 S233 | ||
| 650 | _aNOTICE TO QUIT | ||
| 650 | _aPOSSESSION ORDERS | ||
| 650 | _aSECURE TENANCIES | ||
| 650 | _aSERVING NOTICES | ||
| 650 | _aWANDSWORTH LBC V ATTWELL | ||
| 942 | _n0 | ||
| 948 | _c28/07/1997 | ||
| 999 |
_c50306 _d50306 |
||